=LDR 00000nam 2200000 4500 =001 NUTBA000000000005914 =005 20141112141654.0 =006 =007 =008 =020 ##$$a 979-9409-87-X =035 ##$$a 0010-111400000000393 =040 ##$$a NBPDMAT =082 ##$$a 616.979 201 =090 ##$$a 616.979 20 $b Iwa l =100 ##$$a Iwan D.Santoso =245 ##$$a Lebih mengenal HIV dan AIDS / $c Iwan D.Dantoso =260 ##$$a Surabaya : $b Insan Cendekia, $c 2008 =300 ##$$a iv, 12 hlm. : $b ilus. ; $c 29 cm. =500 ##$$a Bibliografi : hlm.12 =650 ##$$a HIV ( Virus ) =850 ##$$a NBPDMAT =990 ##$$a 86748674 =990 ##$$a 21416852 =990 ##$$a 21416853 =990 ##$$a 21416854 =990 ##$$a 21416855 =990 ##$$a 21416856 =990 ##$$a 01201708674